000 00471nam a2200181Ia 4500
001 16809
005 20260306170338.0
008 260306t2001||||xx |||||||||||||| ||und||
041 _aESP
082 _a657
_bS57
100 _aSinisterra Valencia, Gonzalo
_eAUT
245 0 _aContabilidad:
_bsistema de información para las organizaciones
260 _c2001
300 _a399 pƔginas :
_cxiv, 399 p.
650 _aGEN
654 _aCCO
942 _cLIB
_dJUS
_fJUS
_2ddc
_n
999 _c16809
_d16809